[Event "Sparkassen-Open A"]
[Site "Heusenstamm, Martinsee"]
[Date "2024.11.23"]
[Round "5.25"]
[White "Neagu, Liviu"]
[Black "Baumgart, Jost"]
[Result "1/2-1/2"]
[WhiteElo "1781"]
[BlackElo "1569"]
[PlyCount "84"]
[EventDate "2024.11.21"]
[WhiteTeam "Wiesbaden"]
[BlackTeam "SK Marburg 1931/72"]

1. d4 Nf6 2. c4 e6 3. Nf3 b6 4. g3 Ba6 5. Qc2 Be7 6. Bg2 d5 7. Ne5 O-O 8. cxd5 exd5 9. O-O c5 10. dxc5 Bxc5 11. Nc3 Qc8 12. Qb3 Qe6 13. Nxd5 Qxe5 14. Nxf6+ Qxf6 15. Bxa8 Bxe2 16. Bf4 Bxf1 17. Rxf1 Nc6 18. Bxc6 Qxc6 19. Rd1 Re8 20. Qd3 h6 21. h4 a5 22. Rc1 Qe6 23. Qb5 Rd8 24. a3 g5 25. hxg5 hxg5 26. Bxg5 Rd5 27. Rxc5 Rxc5 28. Qd3 Rd5 29. Qe3 Qxe3 30. Bxe3 b5 31. Kf1 Kg7 32. Ke2 Kf6 33. Bd2 a4 34. g4 Ke6 35. f4 Rd4 36. Ke3 Kd5 37. Bc3 Rd1 38. f5 Rf1 39. Bg7 Kc4 40. Ke4 Kb3 41. g5 Re1+ 42. Kf4 Rf1+ 1/2-1/2

[Event "Sparkassen-Open A"]
[Site "Heusenstamm, Martinsee"]
[Date "2024.11.23"]
[Round "5.26"]
[White "Al Luwaisi, Moutaz"]
[Black "Milman, Sophie"]
[Result "1-0"]
[WhiteElo "1769"]
[BlackElo "1607"]
[PlyCount "59"]
[EventDate "2024.11.21"]
[WhiteTeam "SC ML Kastellaun"]
[BlackTeam "VSG 1880 Offenbach"]

1. e4 e5 2. Nf3 Nc6 3. Bc4 Bc5 4. c3 Nf6 5. d3 O-O 6. O-O d6 7. a4 a5 8. h3 Be6 9. Nbd2 d5 10. exd5 Bxd5 11. Re1 Bd6 12. Bxd5 Nxd5 13. Ne4 Nb6 14. Nxd6 cxd6 15. Ng5 h6 16. Ne4 Qc7 17. Nf6+ Kh8 18. Bxh6 gxh6 19. Qh5 Kg7 20. Qf5 Rh8 21. Re4 Ne7 22. Nh5+ Kf8 23. Qf6 Rh7 24. Rg4 Nbd5 25. Qf3 Ke8 26. c4 Kd8 27. cxd5 Ng6 28. Rxg6 fxg6 29. Qf8+ Kd7 30. Nf6# 1-0

[Event "Sparkassen-Open A"]
[Site "Heusenstamm, Martinsee"]
[Date "2024.11.23"]
[Round "5.27"]
[White "Iannotti, Tim"]
[Black "Eckert, Michael"]
[Result "1-0"]
[WhiteElo "1649"]
[BlackElo "1729"]
[PlyCount "99"]
[EventDate "2024.11.21"]
[WhiteTeam "SV Oberursel"]
[BlackTeam "SK Herborn 1946"]

1. e4 e5 2. Nf3 Nc6 3. Bc4 Bc5 4. c3 Nf6 5. d3 h6 6. O-O a6 7. Nbd2 O-O 8. Re1 d6 9. h3 Re8 10. Nf1 Be6 11. Bxe6 Rxe6 12. Ng3 d5 13. exd5 Nxd5 14. Nxe5 Bxf2+ 15. Kxf2 Rxe5 16. Rxe5 Nxe5 17. d4 Qf6+ 18. Kg1 Ng6 19. c4 Nde7 20. Be3 Rd8 21. Qb3 b6 22. Rf1 Qd6 23. Ne4 Qe6 24. Ng3 Re8 25. d5 Qe5 26. Bf2 Qd6 27. Qa4 Ra8 28. Ne4 Qe5 29. Nc3 Nf5 30. Qc6 Ra7 31. Re1 Qd6 32. Qxd6 Nxd6 33. b3 Ra8 34. Bg3 Rd8 35. Ne4 Re8 36. Bxd6 cxd6 37. Nf6+ gxf6 38. Rxe8+ Kg7 39. Rd8 b5 40. cxb5 axb5 41. Rxd6 Nf4 42. Rd8 f5 43. d6 Kf6 44. Rb8 Ke6 45. Rxb5 Kxd6 46. Rxf5 Ne2+ 47. Kf2 Nc1 48. Rxf7 Nxa2 49. Rf6+ Ke5 50. Rxh6 1-0

[Event "Sparkassen-Open A"]
[Site "Heusenstamm, Martinsee"]
[Date "2024.11.23"]
[Round "5.30"]
[White "Jeuken, Thomas"]
[Black "Welther, Patrick"]
[Result "0-1"]
[WhiteElo "1583"]
[BlackElo "1711"]
[PlyCount "56"]
[EventDate "2024.11.21"]
[WhiteTeam "Schachverein Opladen 1922 e. V."]
[BlackTeam "SC 1934 Gelnhausen"]

1. d4 Nf6 2. c4 e5 3. dxe5 Ng4 4. Qd4 d6 5. Nf3 Nc6 6. Qe4 Ngxe5 7. Nxe5 dxe5 8. Bd2 f5 9. Qf3 Bd6 10. e3 O-O 11. Nc3 e4 12. Qh5 Be6 13. a3 Qf6 14. Be2 Ne5 15. Nd5 Bxd5 16. cxd5 g6 17. Qh3 Qf7 18. f4 exf3 19. gxf3 Qxd5 20. Rd1 Nd3+ 21. Bxd3 Qxd3 22. Kf2 Rad8 23. Bc3 Qc2+ 24. Rd2 Bg3+ 25. Kxg3 Rxd2 26. Bxd2 Qxd2 27. Qg2 f4+ 28. exf4 Qxf4+ 0-1

[Event "Sparkassen-Open A"]
[Site "Heusenstamm, Martinsee"]
[Date "2024.11.23"]
[Round "5.32"]
[White "Eitel, Liz"]
[Black "Kirchner, Stefan"]
[Result "0-1"]
[WhiteElo "1546"]
[BlackElo "1699"]
[PlyCount "114"]
[EventDate "2024.11.21"]
[WhiteTeam "SAbt SV Werder Bremen"]
[BlackTeam "SF Schöneck"]

1. d4 f5 2. e4 fxe4 3. Nc3 Nf6 4. Bg5 g6 5. Bxf6 exf6 6. Nxe4 Bg7 7. Nf3 O-O 8. Bd3 d5 9. Ng3 Qe7+ 10. Ne2 Bg4 11. Qd2 Nd7 12. O-O-O Nb6 13. Rde1 Qd7 14. Ng3 Nc4 15. Bxc4 dxc4 16. Kb1 Rfe8 17. Qc3 Rxe1+ 18. Rxe1 b5 19. h3 Be6 20. Ne4 Bf7 21. d5 Qd8 22. Qa5 a6 23. Nc3 Bf8 24. Rd1 Bc5 25. Ne4 Bb6 26. Qc3 Kg7 27. Nfg5 h6 28. Nxf7 Kxf7 29. Qd2 f5 30. Ng3 Qg5 31. Qxg5 hxg5 32. f3 Rd8 33. Ne2 Kf6 34. a3 Ke5 35. Nc3 Bd4 36. Re1+ Kf6 37. Re6+ Kf7 38. Rxa6 Bxc3 39. bxc3 Rxd5 40. Kc1 Rd6 41. Rxd6 cxd6 42. Kd2 Ke6 43. Ke3 Ke5 44. g3 f4+ 45. Kf2 d5 46. gxf4+ Kxf4 47. Kg2 Ke3 48. Kg3 Kd2 49. Kg4 Kxc2 50. Kxg5 Kxc3 51. Kxg6 Kd4 52. h4 c3 53. h5 c2 54. h6 c1=Q 55. h7 Qh1 56. f4 Qe4+ 57. Kg7 Qxh7+ 0-1

[Event "Sparkassen-Open A"]
[Site "Heusenstamm, Martinsee"]
[Date "2024.11.23"]
[Round "5.34"]
[White "Traut, Stefan"]
[Black "Wambach, Johannes"]
[Result "1/2-1/2"]
[WhiteElo "1697"]
[BlackElo "1550"]
[PlyCount "43"]
[EventDate "2024.11.21"]
[WhiteTeam "SF Heusenstamm"]
[BlackTeam "SK 1982 Klingenberg e.V."]

1. d4 Nf6 2. Nf3 g6 3. c4 Bg7 4. Nc3 O-O 5. g3 d6 6. Bg2 Nbd7 7. O-O e5 8. e4 Qe7 9. h3 c5 10. d5 Nb6 11. b3 Ne8 12. Bg5 f6 13. Bd2 f5 14. Qe2 Nf6 15. Kh2 Qe8 16. Ng1 Bd7 17. Rae1 Kf7 18. f3 h5 19. Nb1 Rh8 20. Bc3 h4 21. g4 f4 22. Qd3 1/2-1/2

[Event "Sparkassen-Open A"]
[Site "Heusenstamm, Martinsee"]
[Date "2024.11.23"]
[Round "5.41"]
[White "Pyshny, Antonia"]
[Black "Brunner, Andreas"]
[Result "1-0"]
[WhiteElo "1796"]
[BlackElo "1639"]
[PlyCount "81"]
[EventDate "2024.11.21"]
[WhiteTeam "SC Eschborn 1974"]
[BlackTeam "FV Berkersheim"]

1. e4 e6 2. d4 d5 3. exd5 exd5 4. Nf3 Nf6 5. Bd3 Bd6 6. O-O O-O 7. Bg5 Bg4 8. Nc3 c6 9. h3 Be6 10. Ne2 Nbd7 11. c3 Qc7 12. Qc2 Rae8 13. Rae1 h6 14. Bh4 b6 15. Bg3 c5 16. Bxd6 Qxd6 17. Ng3 c4 18. Be2 Ne4 19. Nxe4 dxe4 20. Nd2 f5 21. Nxc4 Bxc4 22. Bxc4+ Kh8 23. f3 e3 24. f4 g6 25. Qd3 Re4 26. Rxe3 Rxf4 27. Re6 Rxf1+ 28. Kxf1 Qf4+ 29. Ke2 Nf6 30. Qe3 Qxe3+ 31. Kxe3 g5 32. Re7 Re8 33. Rxe8+ Nxe8 34. d5 Nd6 35. Bd3 Kg7 36. Kd4 Kf6 37. c4 h5 38. b4 f4 39. c5 bxc5+ 40. bxc5 Nf7 41. c6 1-0

[Event "Sparkassen-Open A"]
[Site "Heusenstamm, Martinsee"]
[Date "2024.11.23"]
[Round "5.42"]
[White "Bardorz, Christoph"]
[Black "Matsoukas, Konstantinos"]
[Result "1/2-1/2"]
[WhiteElo "1787"]
[BlackElo "1584"]
[PlyCount "57"]
[EventDate "2024.11.21"]
[WhiteTeam "TSV 1869 e. V. Rottendorf"]
[BlackTeam "SAbt TuS Makkabi Ffm"]

1. e4 d5 2. exd5 Qxd5 3. Nc3 Qa5 4. Bc4 Nf6 5. d3 c6 6. Qe2 Bf5 7. h3 e6 8. Bd2 Qc7 9. g4 Bg6 10. O-O-O Nbd7 11. f4 O-O-O 12. Nf3 Nb6 13. Ne5 Bd6 14. d4 Nxc4 15. Qxc4 Bxe5 16. dxe5 Nd5 17. Nxd5 cxd5 18. Qxc7+ Kxc7 19. Bb4 b6 20. Rd4 Be4 21. Rg1 Kb7 22. Kd2 Rc8 23. Rc1 Rc6 24. c4 Rhc8 25. b3 Bg2 26. h4 Bh3 27. g5 g6 28. Rc3 Bg2 29. Ba3 1/2-1/2

[Event "Sparkassen-Open A"]
[Site "Heusenstamm, Martinsee"]
[Date "2024.11.23"]
[Round "5.43"]
[White "Maibaum, Harry"]
[Black "Bengsch, Norbert"]
[Result "0-1"]
[WhiteElo "1610"]
[BlackElo "1740"]
[PlyCount "92"]
[EventDate "2024.11.21"]
[WhiteTeam "Sfr.Heimersheim"]
[BlackTeam "SG Donautal Tuttlingen"]

1. d4 b6 2. Nf3 e6 3. c4 Bb7 4. e3 f5 5. a3 Nf6 6. Nc3 Be7 7. Be2 O-O 8. O-O Ne4 9. Nd2 d6 10. Bf3 d5 11. cxd5 exd5 12. Be2 Nd7 13. f3 Nxc3 14. bxc3 Bg5 15. f4 Be7 16. c4 dxc4 17. Nxc4 Nf6 18. Bf3 Bxf3 19. Rxf3 Qd5 20. Nd2 c5 21. dxc5 Bxc5 22. Qb3 Rad8 23. Bb2 Ne4 24. Qxd5+ Rxd5 25. Nxe4 fxe4 26. Rg3 g6 27. Bc3 Rd3 28. Bb4 Bxe3+ 29. Rxe3 Rxe3 30. Bxf8 Kxf8 31. Kf2 Rb3 32. Ra2 Ke7 33. a4 Kd6 34. Rd2+ Rd3 35. Rxd3+ exd3 36. Ke3 Kd5 37. Kxd3 a6 38. g4 b5 39. axb5 axb5 40. f5 gxf5 41. gxf5 Ke5 42. Kc3 Kxf5 43. Kb4 Kg4 44. Kxb5 Kh3 45. Kc5 Kxh2 46. Kd4 Kg3 0-1

[Event "Sparkassen-Open A"]
[Site "Heusenstamm, Martinsee"]
[Date "2024.11.23"]
[Round "5.44"]
[White "Goodwin, David"]
[Black "Mensendiek, Theodor"]
[Result "0-1"]
[WhiteElo "1627"]
[BlackElo "1732"]
[PlyCount "62"]
[EventDate "2024.11.21"]
[WhiteTeam "SV 1920 Kelsterbach"]
[BlackTeam "SF Heusenstamm"]

1. Nf3 Nf6 2. g3 g6 3. Bg2 Bg7 4. d4 O-O 5. O-O d6 6. c3 Re8 7. Nbd2 e5 8. dxe5 dxe5 9. Qb3 Nc6 10. Rd1 Qd5 11. c4 Qc5 12. Ng5 Nd4 13. Qa3 Qxa3 14. bxa3 Nxe2+ 15. Kf1 Nd4 16. Nge4 Nxe4 17. Bxe4 Bh3+ 18. Ke1 Rad8 19. Bb2 f5 20. Bd5+ Kf8 21. Rac1 c6 22. Bh1 Bh6 23. f3 e4 24. Bxd4 exf3+ 25. Kf2 Re2+ 26. Kg1 Rxd4 27. Bxf3 Be3+ 28. Kh1 Rexd2 29. Rb1 Rxd1+ 30. Bxd1 Rd2 31. Bf3 Rf2 0-1

[Event "Sparkassen-Open A"]
[Site "Heusenstamm, Martinsee"]
[Date "2024.11.23"]
[Round "5.45"]
[White "Memmeler, Björn"]
[Black "Wernicke, Dieter"]
[Result "1/2-1/2"]
[WhiteElo "1691"]
[BlackElo "1601"]
[PlyCount "53"]
[EventDate "2024.11.21"]
[WhiteTeam "Schachfüchse Kempen 1986 e. V."]
[BlackTeam "SV Mainspitze Ginsheim"]

1. Nf3 c6 2. c4 d5 3. b3 Bf5 4. Bb2 Nf6 5. g3 Nbd7 6. Bg2 h6 7. O-O e6 8. cxd5 exd5 9. d3 Be7 10. Nbd2 O-O 11. Nh4 Bh7 12. Bh3 Re8 13. Nf5 Bf8 14. Ne3 Qb6 15. Ng4 Nxg4 16. Bxg4 Rad8 17. a3 Bc5 18. b4 Bd4 19. Bxd4 Qxd4 20. Bf3 Re7 21. Nb3 Qb6 22. Ra2 Rde8 23. d4 Qb5 24. e3 Bd3 25. Re1 Bc4 26. Rb2 Nb6 27. Nc5 1/2-1/2

[Event "Sparkassen-Open A"]
[Site "Heusenstamm, Martinsee"]
[Date "2024.11.23"]
[Round "5.47"]
[White "Aravindhan, Aadvik"]
[Black "Pishnograev, Ilya"]
[Result "0-1"]
[WhiteElo "1529"]
[BlackElo "1667"]
[PlyCount "134"]
[EventDate "2024.11.21"]
[WhiteTeam "Club Zukertort"]
[BlackTeam "SK Bad Homburg 1927"]

1. e4 e5 2. Nf3 Nc6 3. Bc4 Bc5 4. d3 h6 5. Be3 Bxe3 6. fxe3 d6 7. Nbd2 Na5 8. Bb3 Nxb3 9. Nxb3 Nf6 10. Qd2 g5 11. O-O-O g4 12. Ng1 Be6 13. Qc3 c5 14. Nd2 Rc8 15. b3 b5 16. Kb1 b4 17. Qb2 Rc6 18. Ne2 Ra6 19. Ng3 Ra3 20. Nc4 Bxc4 21. dxc4 O-O 22. Rd2 Qb6 23. Rf1 Nh7 24. Nf5 Rd8 25. Nxh6+ Kg7 26. Nxg4 Ng5 27. Nf2 a5 28. h4 Ne6 29. g3 a4 30. Ng4 axb3 31. cxb3 Rda8 32. Rdf2 Rxa2 33. Qxa2 Rxa2 34. Rxa2 Qb7 35. Raf2 Qxe4+ 36. Ka2 Qxg4 37. Rxf7+ Kg8 38. R7f6 Nf4 39. Ka1 Qe2 40. Rb1 Nd3 41. Rxd6 e4 42. Rd8+ Kh7 43. Rd7+ Kg6 44. Rd5 Qxe3 45. h5+ Kh6 46. g4 Qd2 47. Rd6+ Kg5 48. Rg6+ Kh4 49. h6 Qc3+ 50. Ka2 Nc1+ 51. Rxc1 Qxc1 52. h7 Qc2+ 53. Ka1 Qc3+ 54. Ka2 Qh8 55. g5 Kh5 56. Rh6+ Kxg5 57. Rh1 Kf4 58. Rf1+ Ke5 59. Rh1 e3 60. Rh3 Kd4 61. Rh2 Kd3 62. Kb1 e2 63. Rh1 Kd2 64. Rh2 Kd1 65. Rh6 e1=Q 66. Rd6+ Qd2 67. Rd5 Qhb2# 0-1

[Event "Sparkassen-Open A"]
[Site "Heusenstamm, Martinsee"]
[Date "2024.11.23"]
[Round "5.50"]
[White "Haftmann, Rainer"]
[Black "Kanagaraj, Aarav"]
[Result "1-0"]
[WhiteElo "1809"]
[BlackElo "1572"]
[PlyCount "56"]
[EventDate "2024.11.21"]
[WhiteTeam "SAbt SG 1945 Dietzenbach"]
[BlackTeam "TSV Schott Mainz"]

1. e4 e6 2. d4 d5 3. Nd2 Nf6 4. e5 Nfd7 5. Bd3 c5 6. c3 Nc6 7. Ne2 Qb6 8. Nf3 f6 9. exf6 gxf6 10. O-O e5 11. dxe5 fxe5 12. Bf5 d4 13. cxd4 cxd4 14. Ng3 Nf6 15. Bxc8 Rxc8 16. Re1 Bd6 17. b3 Kd7 18. Qd3 Kc7 19. Bg5 Rcf8 20. Bxf6 Rxf6 21. Ne4 Rg6 22. Nxd6 Kxd6 23. Qe4 Qc5 24. Nh4 Re6 25. Nf5+ Kd7 26. Rac1 Qb5 27. Rc4 Ne7 28. Nxd4 Rg6 1-0

[Event "Sparkassen-Open A"]
[Site "Heusenstamm, Martinsee"]
[Date "2024.11.23"]
[Round "5.51"]
[White "Steinke, Hans-Jörg"]
[Black "Englert, Ann"]
[Result "1-0"]
[WhiteElo "1742"]
[BlackElo "1567"]
[PlyCount "107"]
[EventDate "2024.11.21"]
[WhiteTeam "Schachverein Erkenschwick 1923 e"]
[BlackTeam "TV-Großostheim 1900 e.V."]

1. d4 d5 2. c4 c6 3. Nc3 Nf6 4. Nf3 e6 5. Bg5 Be7 6. e3 O-O 7. Rc1 h6 8. Bh4 Nbd7 9. Bd3 Nb6 10. c5 Nbd7 11. O-O b6 12. b4 a5 13. a3 axb4 14. axb4 bxc5 15. bxc5 Ba6 16. Bg3 Bxd3 17. Qxd3 Nh5 18. Ne2 Nxg3 19. Nxg3 Nf6 20. Ne5 Qc7 21. f4 Ra5 22. Rb1 Nd7 23. e4 Nxe5 24. fxe5 Rfa8 25. exd5 cxd5 26. Rf2 Bg5 27. Nf1 Ra3 28. Qb5 R3a4 29. Qd3 Rc4 30. Rfb2 Rc1 31. Rb7 Qc8 32. Rxc1 Qxb7 33. Rb1 Qc6 34. Ng3 Qa4 35. Ne2 Qa2 36. Kf1 g6 37. Qb5 Qa6 38. Kf2 Kg7 39. Qxa6 Rxa6 40. Rb6 Ra4 41. Nc3 Rxd4 42. Nb5 Rc4 43. c6 Rc2+ 44. Kf3 Bd8 45. Rb8 Ba5 46. Ra8 Bb6 47. c7 Bxc7 48. Rc8 Rc5 49. Nxc7 Rc3+ 50. Ke2 Rc2+ 51. Kd3 Rxg2 52. Ne8+ Kf8 53. Nf6+ Ke7 54. Re8# 1-0

[Event "Sparkassen-Open A"]
[Site "Heusenstamm, Martinsee"]
[Date "2024.11.23"]
[Round "5.52"]
[White "Probstfeld, Bernd"]
[Black "Hellmann, Alexander"]
[Result "1/2-1/2"]
[WhiteElo "1730"]
[BlackElo "1556"]
[PlyCount "22"]
[EventDate "2024.11.21"]
[WhiteTeam "SG Pieroth/Burg Layen"]
[BlackTeam "SJ Herborn 1998"]

1. d4 d5 2. Nf3 Nf6 3. c4 c6 4. e3 Bf5 5. Nc3 e6 6. Bd3 Bg6 7. O-O Be7 8. cxd5 cxd5 9. Ne5 O-O 10. Nxg6 fxg6 11. Bd2 Nc6 1/2-1/2

[Event "Sparkassen-Open A"]
[Site "Heusenstamm, Martinsee"]
[Date "2024.11.23"]
[Round "5.53"]
[White "Stojanoski, Stefan"]
[Black "Faisz, David"]
[Result "1-0"]
[WhiteElo "1659"]
[BlackElo "1525"]
[PlyCount "107"]
[EventDate "2024.11.21"]
[WhiteTeam "SAbt TuS Makkabi Ffm"]
[BlackTeam "SK 1926 Ettlingen"]

1. e4 e6 2. d4 d5 3. Nc3 Nf6 4. e5 Nfd7 5. Nf3 c5 6. Bf4 Nc6 7. Bb5 Qb6 8. Bxc6 bxc6 9. Rb1 Ba6 10. dxc5 Bxc5 11. Bg3 O-O 12. Ne2 Qb5 13. c3 Qd3 14. Qxd3 Bxd3 15. Rd1 Bxe2 16. Kxe2 Rab8 17. b3 Be7 18. Nd4 Rfc8 19. f4 c5 20. Nf3 Nb6 21. Rc1 c4 22. b4 a6 23. Nd4 Rb7 24. Bf2 Na4 25. Rc2 Nb6 26. a4 Na8 27. a5 Nc7 28. g4 Nb5 29. Nxb5 Rxb5 30. g5 Kf8 31. h4 Kg8 32. h5 g6 33. hxg6 fxg6 34. Rcc1 Rb7 35. Rh3 Bd8 36. Rch1 Kh8 37. Bc5 Rf7 38. Bd4 Kg8 39. Ke3 Rb8 40. Ke2 Rc8 41. Rb1 Rxf4 42. b5 Re4+ 43. Kd1 axb5 44. Rxb5 Bxg5 45. a6 Bd8 46. a7 Rxd4+ 47. cxd4 Bc7 48. Ra3 Ra8 49. Rb7 Bd8 50. Rb8 Rxb8 51. axb8=Q Kf7 52. Ra7+ Ke8 53. Qb7 Kf8 54. Qf7# 1-0

[Event "Sparkassen-Open A"]
[Site "Heusenstamm, Martinsee"]
[Date "2024.11.23"]
[Round "5.54"]
[White "Lüders, Eric"]
[Black "Niesel, Markus"]
[Result "1-0"]
[WhiteElo "1651"]
[BlackElo "1519"]
[PlyCount "47"]
[EventDate "2024.11.21"]
[WhiteTeam "SF Hünstetten"]
[BlackTeam "SV 1934 Ffm-Griesheim"]

1. e4 e5 2. Nf3 Nc6 3. Bb5 a6 4. Ba4 b5 5. Bb3 Bc5 6. c3 d6 7. d4 exd4 8. cxd4 Bb6 9. Ng5 Nh6 10. Bd5 Bd7 11. O-O O-O 12. h3 Bxd4 13. Bxc6 Bxb2 14. Bxb2 Bxc6 15. Nf3 Bxe4 16. Nc3 Re8 17. Re1 f5 18. Nxe4 fxe4 19. Qd5+ Kh8 20. Rxe4 Qd7 21. Rxe8+ Qxe8 22. Re1 Qf8 23. Re6 Nf5 24. g4 1-0

[Event "Sparkassen-Open A"]
[Site "Heusenstamm, Martinsee"]
[Date "2024.11.23"]
[Round "5.60"]
[White "Verin, Eric"]
[Black "Hofmann, André"]
[Result "1/2-1/2"]
[WhiteElo "1693"]
[BlackElo "1590"]
[PlyCount "31"]
[EventDate "2024.11.21"]
[WhiteTeam "SC Bergen-Enkheim 1922"]
[BlackTeam "Düsseldorfer Schachverein 1854"]

1. Nf3 Nf6 2. g3 g6 3. Bg2 d6 4. d3 Bg7 5. O-O O-O 6. e4 Re8 7. Re1 b6 8. Bd2 Bb7 9. Qc1 e5 10. Bh6 Bxh6 11. Qxh6 Ng4 12. Qd2 Nd7 13. h3 Ngf6 14. Nc3 d5 15. Qh6 d4 16. Ne2 1/2-1/2

[Event "Sparkassen-Open A"]
[Site "Heusenstamm, Martinsee"]
[Date "2024.11.23"]
[Round "5.61"]
[White "Dick, Markus"]
[Black "Müller, Jens"]
[Result "0-1"]
[WhiteElo "1589"]
[BlackElo "1684"]
[PlyCount "77"]
[EventDate "2024.11.21"]
[WhiteTeam "SV 1934 Ffm-Griesheim"]
[BlackTeam "SV 1920 Hofheim"]

1. e4 c6 2. Nc3 d5 3. Qf3 dxe4 4. Nxe4 Nd7 5. d4 Ndf6 6. Be3 Nxe4 7. Qxe4 Nf6 8. Qh4 Bf5 9. O-O-O e6 10. Nf3 Be7 11. Bg5 h6 12. Bd3 Qa5 13. Bxf5 Qxf5 14. Rhe1 O-O-O 15. Bxf6 Bxf6 16. Qg3 Qa5 17. Kb1 Qb6 18. c3 Qc7 19. Ne5 Rd5 20. Nc4 Qxg3 21. hxg3 Rhd8 22. Ne3 R5d7 23. Ng4 c5 24. Nxf6 gxf6 25. Rh1 cxd4 26. Rxh6 dxc3 27. Rxd7 Rxd7 28. bxc3 f5 29. Kc2 Kd8 30. Rh4 Ke7 31. Rc4 Kd6 32. Rd4+ Ke7 33. Rxd7+ Kxd7 34. Kd3 Kd6 35. f4 f6 36. a3 Kd5 37. a4 e5 38. Ke3 Kc4 39. Kd2 0-1

[Event "Sparkassen-Open A"]
[Site "Heusenstamm, Martinsee"]
[Date "2024.11.23"]
[Round "5.62"]
[White "El-Lawindy, Asem"]
[Black "Kanagaraj, Thangavelu"]
[Result "1-0"]
[WhiteElo "1680"]
[BlackElo "1580"]
[PlyCount "75"]
[EventDate "2024.11.21"]
[WhiteTeam "VSG 1880 Offenbach"]
[BlackTeam "TSV Schott Mainz"]

1. d4 d5 2. Nf3 e6 3. e3 c5 4. dxc5 Bxc5 5. b3 Nc6 6. Bb2 Nf6 7. Nbd2 O-O 8. Bd3 b6 9. O-O Nb4 10. Be2 Bb7 11. a3 Nc6 12. Bd3 Re8 13. e4 d4 14. b4 Be7 15. b5 Nb8 16. Nxd4 Bc5 17. N2f3 h6 18. Qe2 a6 19. a4 a5 20. Ne5 Nfd7 21. Ndf3 Nxe5 22. Nxe5 f6 23. Ng4 e5 24. Bc1 Kh7 25. Qf3 Nd7 26. Qh3 Bf8 27. f4 exf4 28. e5+ Kg8 29. Bc4+ Kh8 30. exf6 Bc5+ 31. Kh1 Bf8 32. fxg7+ Bxg7 33. Nxh6 Bxg2+ 34. Kxg2 Qg5+ 35. Ng4+ Bh6 36. Qxh6+ Qxh6 37. Nxh6 Rac8 38. Rxf4 1-0

[Event "Sparkassen-Open A"]
[Site "Heusenstamm, Martinsee"]
[Date "2024.11.23"]
[Round "5.63"]
[White "Barth, Horst"]
[Black "Klockhaus, Daniel"]
[Result "0-1"]
[WhiteElo "1538"]
[BlackElo "1666"]
[PlyCount "92"]
[EventDate "2024.11.21"]
[WhiteTeam "Sfr.Mainz 1928"]
[BlackTeam "SJ Herborn 1998"]

1. d4 d5 2. c4 c6 3. cxd5 cxd5 4. Nc3 Nf6 5. e3 Nc6 6. Bd3 e5 7. dxe5 Nxe5 8. Bc2 Bc5 9. Ba4+ Nc6 10. h3 O-O 11. Nf3 Be6 12. a3 Qc8 13. b4 Bb6 14. Bb2 Rd8 15. Ne2 Ng4 16. Bc2 Qd7 17. Qd3 Rac8 18. h4 Bf5 19. Qb3 Nf6 20. Rd1 Bxc2 21. Qxc2 Nxb4 22. Qb3 Nc6 23. Bxf6 gxf6 24. Nf4 d4 25. Qd3 Ne5 26. Nxe5 fxe5 27. Nh5 Rc6 28. Qe4 Qe6 29. Rh3 Kh8 30. Rg3 Rg8 31. Rxg8+ Kxg8 32. Qf3 Qg6 33. Qg3 Qxg3 34. Nxg3 dxe3 35. fxe3 Rc3 36. Nf5 f6 37. Ne7+ Kf7 38. Nd5 Rb3 39. Nxb6 Rxb6 40. h5 Ke6 41. Rd3 Rb2 42. Rd2 Rxd2 43. Kxd2 Kd5 44. g4 Kc4 45. Kc2 b5 46. h6 a5 0-1

[Event "Sparkassen-Open A"]
[Site "Heusenstamm, Martinsee"]
[Date "2023.11.24"]
[Round "6.1"]
[White "Fang, Borui"]
[Black "Negru, Maximilian"]
[Result "1-0"]
[WhiteElo "1775"]
[BlackElo "1556"]
[PlyCount "107"]
[EventDate "2024.11.21"]
[WhiteTeam "SV Oberursel"]
[BlackTeam "SK Bad Homburg 1927"]

1. e4 e6 2. d4 d5 3. Nd2 c5 4. Ngf3 cxd4 5. Nxd4 Nc6 6. Bb5 Bd7 7. Bxc6 bxc6 8. O-O Bd6 9. Re1 Qc7 10. N2f3 e5 11. exd5 cxd5 12. Nxe5 Bxe5 13. f4 Ne7 14. Rxe5 f6 15. Re1 Kf7 16. Bd2 Qc4 17. c3 Rab8 18. b3 Qc5 19. Be3 Qxc3 20. Rc1 Qa5 21. Bd2 Qb6 22. Be3 Qd6 23. Nf3 Rhc8 24. Nd4 Rxc1 25. Qxc1 Rc8 26. Qb1 g6 27. Qd3 Nf5 28. Nxf5 Bxf5 29. Qd4 Be4 30. Qxa7+ Rc7 31. Qd4 Rc2 32. Bd2 Qa6 33. h3 Qd3 34. Qxd3 Bxd3 35. Bb4 Rxa2 36. Re7+ Kg8 37. Bc3 Be4 38. Bxf6 Rxg2+ 39. Kf1 h5 40. Rxe4 Rg3 41. Rb4 Rxh3 42. Rb7 Rf3+ 43. Kg2 Rxf4 44. Be5 Re4 45. Bd6 g5 46. Bc5 h4 47. Rd7 Re5 48. Bd4 Rf5 49. b4 Rf4 50. Bc5 Rf5 51. Kh3 Rf3+ 52. Kg4 Rg3+ 53. Kh5 Rc3 54. Kg6 1-0

[Event "Sparkassen-Open A"]
[Site "Heusenstamm, Martinsee"]
[Date "2023.11.24"]
[Round "6.2"]
[White "Jacobs, Thomas"]
[Black "Sikorra, Philipp"]
[Result "0-1"]
[WhiteElo "1841"]
[BlackElo "1801"]
[PlyCount "60"]
[EventDate "2024.11.21"]
[WhiteTeam "SV 1929 Raunheim"]
[BlackTeam "SF Schönwald"]

1. c4 c6 2. Nf3 d5 3. cxd5 cxd5 4. d4 Nc6 5. Nc3 Nf6 6. e3 Bg4 7. Be2 e6 8. a3 Rc8 9. O-O Bd6 10. h3 Bh5 11. Bd2 O-O 12. Na4 Ne4 13. Nc3 Bb8 14. Nxe4 dxe4 15. Nh2 Qd6 16. f4 exf3 17. Nxf3 Bxf3 18. Rxf3 e5 19. dxe5 Nxe5 20. Rf4 Ng6 21. Rg4 Rfd8 22. Rd4 Qh2+ 23. Kf1 Rxd4 24. exd4 Nh4 25. Bf3 Nxf3 26. Qxf3 Qh1+ 27. Kf2 Qxa1 28. Qxb7 Rf8 29. Bb4 Qxb2+ 30. Kf1 a5 0-1

[Event "Sparkassen-Open A"]
[Site "Heusenstamm, Martinsee"]
[Date "2023.11.24"]
[Round "6.3"]
[White "Englert, Fred"]
[Black "Marshall, Anton Florian"]
[Result "1-0"]
[WhiteElo "1790"]
[BlackElo "1712"]
[PlyCount "61"]
[EventDate "2024.11.21"]
[WhiteTeam "SK 1982 Klingenberg e.V."]
[BlackTeam "Lübeck"]

1. c4 c5 2. g3 g6 3. Bg2 Bg7 4. Nc3 Nc6 5. Nf3 Nf6 6. d4 cxd4 7. Nxd4 O-O 8. O-O Re8 9. b3 a6 10. Bb2 e5 11. Nxc6 dxc6 12. Qc2 Qc7 13. c5 Be6 14. Rfd1 Nd5 15. a3 Rad8 16. Nxd5 cxd5 17. e3 Qc8 18. Rac1 e4 19. Bxg7 Kxg7 20. Qc3+ Kg8 21. Rd4 Bh3 22. c6 Bxg2 23. Kxg2 b5 24. Qc5 Re5 25. Rcd1 Rh5 26. h4 Qf5 27. c7 Rc8 28. Rxd5 Qf3+ 29. Kg1 Qxd1+ 30. Rxd1 Rxc5 31. Rd8+ 1-0

[Event "Sparkassen-Open A"]
[Site "Heusenstamm, Martinsee"]
[Date "2023.11.24"]
[Round "6.4"]
[White "Englert, Lin"]
[Black "Ziegler, Christopher"]
[Result "1-0"]
[WhiteElo "1683"]
[BlackElo "1733"]
[PlyCount "55"]
[EventDate "2024.11.21"]
[WhiteTeam "TV-Großostheim 1900 e.V."]
[BlackTeam "SV 1920 Kelsterbach"]

1. d4 Nf6 2. c4 c5 3. Nf3 g6 4. Nc3 cxd4 5. Nxd4 Bg7 6. e4 d6 7. Be3 O-O 8. Be2 b6 9. O-O Nbd7 10. Nc6 Qc7 11. Nxe7+ Kh8 12. Bf4 Ne5 13. Bxe5 dxe5 14. Nxc8 Raxc8 15. Nb5 Qe7 16. Qc2 a6 17. Nc3 Nd7 18. Nd5 Qc5 19. b4 Qd6 20. Rad1 Nb8 21. Rd3 Qe6 22. Rfd1 Nc6 23. Ra3 Nb8 24. Ne3 Qc6 25. Rc3 Rfd8 26. Rcd3 Nd7 27. Rd6 Qc7 28. Qd2 1-0

[Event "Sparkassen-Open A"]
[Site "Heusenstamm, Martinsee"]
[Date "2023.11.24"]
[Round "6.5"]
[White "Joshi, Kanad"]
[Black "Nguyen, Minh An"]
[Result "1/2-1/2"]
[WhiteElo "1732"]
[BlackElo "1708"]
[PlyCount "43"]
[EventDate "2024.11.21"]
[WhiteTeam "SV Oberursel"]
[BlackTeam "SV 1920 Hofheim"]

1. e4 d6 2. d4 g6 3. f4 Bg7 4. Nf3 Nd7 5. c3 b6 6. Bd3 Bb7 7. O-O e6 8. e5 d5 9. Be3 Ne7 10. Na3 O-O 11. Rc1 Re8 12. Qe2 Bf8 13. Nc2 c5 14. b3 Rc8 15. Bf2 Qc7 16. Ne3 Nc6 17. Bb5 Ncb8 18. Bxd7 Nxd7 19. Rfd1 Nb8 20. Ng4 Nd7 21. Ne3 Nb8 22. Ng4 1/2-1/2